[Event "Ricany op-A"]
[Site "Ricany"]
[Date "2019.08.29"]
[Round "7"]
[White "Voracek, Zdenek"]
[Black "Matys, Jakub"]
[Result "1-0"]
[WhiteElo "1938"]
[BlackElo "1772"]
[PlyCount "69"]
[EventDate "2019.08.24"]
[EventType "swiss"]
[EventRounds "9"]
[EventCountry "CZE"]
[SourceTitle "EXT 2020"]
[Source "ChessBase"]
[SourceDate "2019.10.17"]
[SourceVersion "1"]
[SourceVersionDate "2019.10.17"]
[SourceQuality "1"]

1. d4 Nf6 2. c4 g6 3. Nc3 d5 4. cxd5 Nxd5 5. e4 Nxc3 6. bxc3 Bg7 7. Bc4 0-0 8. Ne2 c5 9. 0-0 Qc7 10. Bf4 e5 11. dxe5 Bxe5 12. Bxe5 Qxe5 13. Bd5 Nc6 14. f4 Qc7 15. Qd2 Ne7 16. c4 Bd7 17. f5 Nxd5 18. cxd5 f6 19. fxg6 hxg6 20. Qh6 Be8 21. Nf4 Qh7 22. Qxh7+ Kxh7 23. Ne6 Rf7 24. Nxc5 Rc8 25. Ne6 Bb5 26. Ng5+ Kg8 27. Nxf7 Kxf7 28. Rfc1 Bc4 29. a4 a6 30. Kf2 b5 31. axb5 axb5 32. Ra7+ Kf8 33. Ke3 Re8 34. Kd4 Re5 35. Rca1 1-0

[Event "Ricany op-A"]
[Site "Ricany"]
[Date "2019.08.27"]
[Round "5"]
[White "Matys, Jakub"]
[Black "Hejsek, Lukas"]
[Result "1/2-1/2"]
[WhiteElo "1772"]
[BlackElo "1948"]
[PlyCount "51"]
[EventDate "2019.08.24"]
[EventType "swiss"]
[EventRounds "9"]
[EventCountry "CZE"]
[SourceTitle "EXT 2020"]
[Source "ChessBase"]
[SourceDate "2019.10.17"]
[SourceVersion "1"]
[SourceVersionDate "2019.10.17"]
[SourceQuality "1"]

1. d4 Nf6 2. Nf3 g6 3. g3 Bg7 4. Bg2 0-0 5. c4 c6 6. Nc3 d6 7. 0-0 Qa5 8. e4 e5 9. Re1 Nbd7 10. d5 cxd5 11. Nxd5 Nxd5 12. Qxd5 Qxd5 13. cxd5 b5 14. Bf1 a6 15. a4 bxa4 16. Be3 Bb7 17. Rxa4 f5 18. Rb4 Rfb8 19. exf5 Bxd5 20. Rxb8+ Rxb8 21. Nh4 Be4 22. fxg6 Bxg6 23. Nxg6 hxg6 24. Rd1 Bf8 25. Bxa6 Rxb2 26. Bc8 1/2-1/2

[Event "Ricany op-A"]
[Site "Ricany"]
[Date "2018.08.29"]
[Round "6"]
[White "Matys, Jakub"]
[Black "Postupa, Pavel"]
[Result "1/2-1/2"]
[WhiteElo "1735"]
[BlackElo "1944"]
[PlyCount "50"]
[EventDate "2018.08.25"]
[EventType "swiss"]
[EventRounds "9"]
[EventCountry "CZE"]
[SourceTitle "EXT 2019"]
[Source "ChessBase"]
[SourceDate "2018.10.10"]
[SourceVersion "1"]
[SourceVersionDate "2018.10.10"]
[SourceQuality "1"]

1. e4 c5 2. Nf3 d6 3. Bb5+ Bd7 4. Bxd7+ Qxd7 5. 0-0 Nc6 6. d4 cxd4 7. Nxd4 Nf6 8. Re1 e6 9. Nc3 Be7 10. f4 Nxd4 11. Qxd4 Qc6 12. Be3 0-0 13. a4 Ng4 14. Qd3 Nxe3 15. Rxe3 Rfc8 16. Rh3 Qc4 17. Rd1 Qxd3 18. Rhxd3 a6 19. R1d2 Rc4 20. b3 Rc5 21. Nd1 b5 22. Nb2 f5 23. exf5 Rxf5 24. g3 d5 25. c4 bxc4 1/2-1/2

[Event "Ricany op-A"]
[Site "Ricany"]
[Date "2018.08.25"]
[Round "1"]
[White "Hrdina, Robin"]
[Black "Matys, Jakub"]
[Result "1-0"]
[WhiteElo "2245"]
[BlackElo "1735"]
[PlyCount "51"]
[EventDate "2018.08.25"]
[EventType "swiss"]
[EventRounds "9"]
[EventCountry "CZE"]
[SourceTitle "EXT 2019"]
[Source "ChessBase"]
[SourceDate "2018.10.10"]
[SourceVersion "1"]
[SourceVersionDate "2018.10.10"]
[SourceQuality "1"]

1. e4 c5 2. Nf3 d6 3. d4 cxd4 4. Nxd4 Nf6 5. Nc3 a6 6. Bc4 e5 7. Nde2 Nc6 8. Bg5 Be7 9. Bxf6 Bxf6 10. 0-0 0-0 11. Nd5 Be6 12. c3 b5 13. Bb3 Bxd5 14. Bxd5 Rc8 15. a4 b4 16. Bxc6 Rxc6 17. cxb4 Qb6 18. Qb3 Rb8 19. Rac1 Bg5 20. Rxc6 Qxc6 21. Nc3 Bd2 22. Nd5 Qb7 23. Rd1 Bxb4 24. Rc1 a5 25. Rc7 Qa6 26. Nf6+ 1-0

[Event "Ricany op-A"]
[Site "Ricany"]
[Date "2017.08.30"]
[Round "6"]
[White "Matys, Jakub"]
[Black "Vavrinec, Tomas"]
[Result "1/2-1/2"]
[WhiteElo "1727"]
[BlackElo "1960"]
[PlyCount "54"]
[EventDate "2017.08.26"]
[EventType "swiss"]
[EventRounds "9"]
[EventCountry "CZE"]
[SourceTitle "CBM 180 Extra"]
[Source "ChessBase"]
[SourceDate "2017.10.06"]
[SourceVersion "1"]
[SourceVersionDate "2017.10.06"]
[SourceQuality "1"]

1. Nf3 Nf6 2. g3 g6 3. d4 c5 4. Bg2 cxd4 5. Nxd4 Nc6 6. 0-0 Bg7 7. c4 0-0 8. Nc3 Nxd4 9. Qxd4 d6 10. Bg5 h6 11. Bxf6 Bxf6 12. Qd2 Bg7 13. Rac1 Rb8 14. Rfd1 Be6 15. Nd5 Rc8 16. b3 b6 17. Nf4 Bd7 18. Bd5 Kh8 19. h4 Qe8 20. Kh2 e5 21. Ng2 f5 22. f4 Rf6 23. Rf1 e4 24. Ne3 Rc7 25. a4 Qe7 26. Ba8 Be6 27. Bd5 Bd7 1/2-1/2

[Event "Ricany op-A"]
[Site "Ricany"]
[Date "2017.08.27"]
[Round "3"]
[White "Petr, Jakub"]
[Black "Matys, Jakub"]
[Result "1-0"]
[WhiteElo "2046"]
[BlackElo "1727"]
[PlyCount "51"]
[EventDate "2017.08.26"]
[EventType "swiss"]
[EventRounds "9"]
[EventCountry "CZE"]
[SourceTitle "CBM 180 Extra"]
[Source "ChessBase"]
[SourceDate "2017.10.06"]
[SourceVersion "1"]
[SourceVersionDate "2017.10.06"]
[SourceQuality "1"]

1. e4 c5 2. Nf3 d6 3. d4 cxd4 4. Nxd4 Nf6 5. Nc3 a6 6. Bg5 e5 7. Nf5 Bxf5 8. Bxf6 Qxf6 9. Nd5 Qd8 10. exf5 Nc6 11. Bc4 b5 12. Bb3 Nd4 13. 0-0 Be7 14. c3 Nxb3 15. Qxb3 0-0 16. Rad1 Re8 17. Qb4 Bf8 18. Qg4 f6 19. Rd3 Ra7 20. Rh3 Kh8 21. Qg6 h6 22. Rxh6+ gxh6 23. Nxf6 Qxf6 24. Qxf6+ Bg7 25. Qxd6 Rf8 26. f6 1-0

[Event "CZE-chT2C 1617"]
[Site "Czech Republic"]
[Date "2016.10.30"]
[Round "2.8"]
[White "Matys, Jakub"]
[Black "Hradecky, Ivo"]
[Result "1-0"]
[WhiteElo "1703"]
[BlackElo "2065"]
[PlyCount "43"]
[EventDate "2016.10.09"]
[EventType "team-tourn"]
[EventRounds "11"]
[EventCountry "CZE"]
[SourceTitle "EXT 2022"]
[Source "ChessBase"]
[SourceDate "2021.10.06"]
[SourceVersion "1"]
[SourceVersionDate "2021.10.06"]
[SourceQuality "1"]
[WhiteTeam "Vysehrad III"]
[BlackTeam "Vlasim"]
[WhiteTeamCountry "CZE"]
[BlackTeamCountry "CZE"]

1. Nf3 d5 2. g3 Nf6 3. Bg2 e6 4. 0-0 Be7 5. c4 0-0 6. cxd5 exd5 7. d4 h6 8. Nc3 c6 9. Qc2 Re8 10. Re1 Nbd7 11. e4 dxe4 12. Nxe4 Nxe4 13. Qxe4 Nf6 14. Qd3 Be6 15. Bd2 Qb6 16. Bc3 Rad8 17. Qd2 Nd5 18. Ba5 Bb4 19. Bxb6 Bxd2 20. Rxe6 Rxe6 21. Bxd8 Bb4 22. a3 1-0

[Event "CZE-chT2C 1617"]
[Site "Czech Republic"]
[Date "2016.10.09"]
[Round "1.8"]
[White "Zikmund, Alexandr"]
[Black "Matys, Jakub"]
[Result "1/2-1/2"]
[WhiteElo "1865"]
[BlackElo "1703"]
[PlyCount "92"]
[EventDate "2016.10.09"]
[EventType "team-tourn"]
[EventRounds "11"]
[EventCountry "CZE"]
[SourceTitle "EXT 2022"]
[Source "ChessBase"]
[SourceDate "2021.10.06"]
[SourceVersion "1"]
[SourceVersionDate "2021.10.06"]
[SourceQuality "1"]
[WhiteTeam "Prachatice"]
[BlackTeam "Vysehrad III"]
[WhiteTeamCountry "CZE"]
[BlackTeamCountry "CZE"]

1. e4 c5 2. Nf3 d6 3. d4 cxd4 4. Nxd4 Nf6 5. Nc3 a6 6. Be2 Nc6 7. 0-0 e5 8. Nb3 Be6 9. Bg5 Be7 10. Qd2 0-0 11. Rad1 Ne8 12. Bxe7 Qxe7 13. Nd5 Bxd5 14. Qxd5 Rd8 15. c3 Nf6 16. Qd3 d5 17. exd5 Rxd5 18. Qe3 Rfd8 19. Rxd5 Nxd5 20. Qe4 Nf6 21. Qc2 Nd7 22. Bd3 g6 23. Be4 Qe6 24. Rd1 Rc8 25. Qd3 Nf6 26. Bxc6 Qxc6 27. f3 e4 28. fxe4 Nxe4 29. Qd4 Re8 30. Na5 Qc7 31. Nc4 Qc5 32. Qxc5 Nxc5 33. Kf2 Kf8 34. Kf3 h5 35. Rd5 Ne6 36. h4 Ke7 37. Na5 Rd8 38. Rxd8 Nxd8 39. Ke4 Ke6 40. b4 f5+ 41. Kd4 b6 42. Nc4 Nc6+ 43. Ke3 b5 44. Nb2 Kf6 45. Kf4 Ne7 46. Nd1 Nd5+ 1/2-1/2

[Event "Prague Summer op-B 3rd"]
[Site "Prague"]
[Date "2016.08.10"]
[Round "7"]
[White "Gravina, Giuseppe"]
[Black "Matys, Jakub"]
[Result "0-1"]
[WhiteElo "1728"]
[BlackElo "1553"]
[PlyCount "94"]
[EventDate "2016.08.05"]
[EventType "swiss"]
[EventRounds "9"]
[EventCountry "CZE"]
[SourceTitle "CBM 173 Extra"]
[Source "ChessBase"]
[SourceDate "2016.08.29"]
[SourceVersion "1"]
[SourceVersionDate "2016.08.29"]
[SourceQuality "1"]

1. d4 Nf6 2. c4 g6 3. Nc3 d5 4. Bf4 Bg7 5. Nf3 0-0 6. e3 c6 7. Qc2 Bf5 8. Bd3 Bxd3 9. Qxd3 dxc4 10. Qxc4 Nbd7 11. 0-0 Nb6 12. Qb3 Nfd5 13. Bg3 Nxc3 14. bxc3 Qd5 15. Qb4 Rfe8 16. Rfc1 Qc4 17. Qb2 Rac8 18. Nd2 Qb5 19. Qxb5 cxb5 20. Rab1 Nd5 21. c4 bxc4 22. Nxc4 b6 23. h3 Red8 24. Ne5 Nc3 25. Re1 Nxb1 26. Rxb1 Bxe5 27. Bxe5 Rc2 28. Ra1 f6 29. Bf4 g5 30. Bg3 Rdc8 31. a4 Rc1+ 32. Rxc1 Rxc1+ 33. Kh2 Ra1 34. f4 Rxa4 35. fxg5 fxg5 36. h4 b5 37. hxg5 b4 38. Be5 b3 39. d5 Ra2 40. Kg3 b2 41. Bxb2 Rxb2 42. Kf4 a5 43. Ke5 Kf7 44. d6 exd6+ 45. Kxd6 a4 46. e4 a3 47. e5 Re2 0-1